000 00675cam a22002413a 4500
001 18844
003 PGUSA
005 20140828083412.0
008 060716s2006||||xxu|||||s|||||000 1 eng d
040 _aPGUSA
_beng
042 _adc
050 4 _aPZ
100 1 _aMockler, Geraldine
245 1 4 _aThe Rebellion of Margaret
_h[electronic resource] /
_cGeraldine Mockler
260 _bProject Gutenberg,
_c2006
506 _aPublic domain in the USA.
516 _aElectronic text
653 _aGirls -- Juvenile fiction
700 1 _aTwidle, Arthur,
_d1865-1936
830 0 _aProject Gutenberg
_v18844
856 4 0 _uhttp://www.gutenberg.org/ebooks/18844
942 _cEB
999 _c248099
_d248099